| 000 | 00394cam a2200157ua 4500 | ||
|---|---|---|---|
| 003 | OSt | ||
| 008 | 241218b |||||||| |||| 00| 0 eng d | ||
| 041 | _aeng | ||
| 082 |
_a621.3121 _bNAG/PO |
||
| 100 |
_aNag, P K . _9173 |
||
| 245 | _aPower plant engineering / | ||
| 250 | _a3 / | ||
| 260 |
_aNew Delhi : _bTata Mc-Graw Hill Publishing Company , _c2008. |
||
| 300 | _a973 ; . | ||
| 942 | _cBK | ||
| 999 |
_c13212 _d13212 |
||